Erase the World Quiz Stats

 Plays Quiz Updated Feb 13, 2019

Support Sporcle.
Go Orange.
Score 0/197 Timer 20:00
1,155 Plays Today
% Correct
???
22%
???
21.9%
???
21.9%
???
21.8%
???
21.8%
???
21.8%
???
21.7%
???
21.6%
???
21.6%
???
21.6%
???
21.5%
???
21.4%
???
21.4%
???
21.4%
???
21.4%
???
21.4%
???
21.3%
???
21.3%
???
21.3%
???
21.2%
???
21.2%
???
21.1%
???
21%
???
21%
???
21%
???
20.8%
???
20.8%
???
20.6%
???
20.6%
???
20.4%
???
20.3%
???
20.2%
???
20.1%
???
20%
???
20%
???
19.8%
???
19.7%
???
19.6%
???
19.6%
???
19.6%
???
19.5%
???
19.4%
???
19.2%
???
19.1%
???
19.1%
???
19%
???
19%
???
19%
???
18.9%
???
18.9%
???
18.8%
???
18.8%
???
18.8%
???
18.8%
???
18.8%
???
18.7%
???
18.6%
???
18.6%
???
18.5%
???
18.5%
???
18.5%
???
18.4%
???
18.4%
???
18.3%
???
18.2%
???
18.2%
% Correct
???
18.1%
???
18.1%
???
18.1%
???
18.1%
???
18%
???
17.9%
???
17.9%
???
17.8%
???
17.7%
???
17.7%
???
17.7%
???
17.7%
???
17.7%
???
17.5%
???
17.5%
???
17.5%
???
17.4%
???
17.4%
???
17.4%
???
17.3%
???
17.3%
???
17.3%
???
17.3%
???
17.1%
???
17.1%
???
17.1%
???
17%
???
17%
???
17%
???
16.9%
???
16.9%
???
16.9%
???
16.8%
???
16.8%
???
16.7%
???
16.7%
???
16.7%
???
16.7%
???
16.7%
???
16.7%
???
16.7%
???
16.6%
???
16.6%
???
16.6%
???
16.6%
???
16.6%
???
16.6%
???
16.5%
???
16.5%
???
16.4%
???
16.3%
???
16.3%
???
16.3%
???
16.2%
???
16.1%
???
16.1%
???
16%
???
16%
???
15.9%
???
15.9%
???
15.7%
???
15.7%
???
15.6%
???
15.5%
???
15.5%
???
15.5%
% Correct
???
15.4%
???
15.4%
???
15.4%
???
15.4%
???
15.3%
???
15.3%
???
15.2%
???
15.2%
???
15.1%
???
15.1%
???
15%
???
15.1%
???
15%
???
15%
???
15%
???
14.9%
???
14.9%
???
14.8%
???
14.8%
???
14.8%
???
14.6%
???
14.6%
???
14.6%
???
14.5%
???
14.5%
???
14.5%
???
14.5%
???
14.4%
???
14.4%
???
14.4%
???
14.2%
???
14.2%
???
14.2%
???
14.2%
???
14.1%
???
13.8%
???
13.8%
???
13.7%
???
13.7%
???
13.7%
???
13.5%
???
13.4%
???
13.4%
???
13.3%
???
13.1%
???
12.7%
???
12.4%
???
12.1%
???
10.9%
???
10.8%
???
10.3%
???
10.2%
???
10.2%
???
10%
???
10%
???
9.9%
???
9.7%
???
9.6%
???
9.2%
???
8.9%
???
8.8%
???
8.8%
???
8.5%
???
8.2%
???
7.8%

You're not logged in!

Compare scores with friends on all Sporcle quizzes.
OR
Log In
Forgot?

From the Vault

Click-an-English

by pdigoe

If you're English-speaking, most of the site should already be in English for you.
Remove Ads.
Support Sporcle.
Get the best of Sporcle when you Go Orange. This ad-free experience offers more features, more stats, and more fun while also helping to support Sporcle. Thank you for becoming a member.

Show Comments

Extras

Top Quizzes Today


Score Distribution

Your Account Isn't Verified!

In order to create a playlist on Sporcle, you need to verify the email address you used during registration. Go to your Sporcle Settings to finish the process.

Report this User

Report this user for behavior that violates our Community Guidelines.

Details: